Statistics for Green Day Revolution Radio Songs!

Click here to take the quiz!

General Stats

  • This quiz has been taken 196 times
  • The average score is 9 of 12

Answer Stats

HintAnswer% Correct
2Bang Bang
96%
3Revolution Radio
96%
12Ordinary World
82%
7Still Breathing
79%
5Outlaws
78%
1Somewhere Now
78%
11Forever Now
75%
8Youngblood
75%
10Troubled Times
74%
4Say Goodbye
73%
6Bouncing off the Wall
70%
9Too Dumb to Die
68%

Score Distribution

Percentile by Number Answered

Percent of People with Each Score

Your Score History

You have not taken this quiz